Taylor Swift - Devine la chanson sans indices #78 - Statistiques

Statistiques générales
  • Ce quiz a été pris 190 fois
  • Le résultat moyen est 185 sur 252
Statistiques - réponses
Réponse % Correct
I
100%
a
98%
Oh,
96%
The
96%
the
96%
you
96%
he
95%
He
95%
my
94%
My
94%
me
93%
me,
93%
we
93%
We
93%
I'm
90%
in
90%
on
90%
to
90%
go
87%
of
87%
it
86%
was
86%
When
85%
when,
85%
when
85%
his
84%
only
84%
again.
83%
again
83%
And
83%
boy
82%
breaks
82%
favorite
81%
head
81%
here
81%
toys
81%
But
80%
too
79%
queen
78%
know
77%
castles
76%
that
76%
destroys
75%
just
75%
Just
75%
so
74%
got
73%
sand
73%
voices
73%
at
72%
best
72%
first
72%
for
72%
friend
72%
say
71%
Cause
70%
him
70%
not
70%
this
70%
all
69%
saw
69%
seen
69%
should've
69%
Should've
69%
There
69%
time
69%
heart
68%
I'll
67%
loves
67%
off
67%
play
66%
why
66%
he's
65%
up
63%
better
62%
much
62%
knew
61%
out
61%
with
61%
Down
60%
I'd
60%
pretend
60%
tortured
60%
back
58%
known
58%
Told
58%
played
57%
Stole
57%
smile
56%
Because
55%
miss
55%
our
55%
tell
55%
broken
54%
could've
54%
mall
54%
matter
54%
plastic
54%
gonna
53%
Left
53%
took
53%
myself
52%
these
52%
touch
52%
box
51%
felt
51%
fix
51%
Once
51%
parts
50%
repeating
50%
shelf
50%
days
49%
reasons
49%
right
49%
smashed
49%
more
48%
Purchased
48%
forever
47%
doll
46%
heat
46%
Kens
46%
night
46%
Put
46%
Than
46%
runs
44%
wild
44%
army
43%
danger
42%
end
42%
sickest
39%
litany
38%
dead
36%
keeps
35%
Called
34%
Pull
34%
Puzzle
34%
sandlot
34%
pieces
33%
rain
31%
descend
30%
string
30%
Rivulets
29%
fit
28%
Aucun quiz correspondant
Distribution des résultats
% des personnes avec chaque résultat
Percentile par nombre de réponses
Votre historique - résultats
Vous n’avez pas pris ce quiz